LEADER 01311nam2-2200433---450 001 990005749720203316 005 20190403125026.0 035 $a000574972 035 $aUSA01000574972 035 $a(ALEPH)000574972USA01 035 $a000574972 100 $a20080229d1977----|||y0itaa50------ba 101 $aita 102 $ait 105 $a0 00||| 200 1 $a<<3: Il >> modo di produzione statuale$fHenri Lefebvre 205 $aBari : Dedalo$b1977 210 $a315 p.$a22 cm 215 $aTrad. di: Le mode de production étatique. 225 2 $a<> Scienza nuova$v49 410 0$12001$a<> Scienza nuova$v49 454 $1001SA0024680$12001$a<> mode de production étatique$fHenri Lefebvre.$919538 461 0$1001000574969$12001$a<> Stato$v3 606 $aSTATO$xTEORIE$2F 620 $dBARI 676 $a320.101 700 1$aLEFEBVRE,$bHenri$032295 702 1$aCATALANO,$bEttore 801 0$aIT$bSA$c20111219 912 $a990005749720203316 950 0$aDipar.to di Filosofia - Salerno$dDFCC 320.101 LEF$e3055 FIL 951 $aCC 320.101 LEF$b3055 FIL 959 $aBK 969 $aFIL 979 $c20121027$lUSA01$h1526 979 $c20121027$lUSA01$h1615 996 $aMode de production étatique$919538 997 $aUNISA NUM $aSA0024679 LEADER 01420nam 2200457 450 001 9910480281803321 005 20210803035248.0 010 $a1-925835-20-0 010 $a1-925835-19-7 035 $a(CKB)4100000009445361 035 $a(MiAaPQ)EBC5909948 035 $a(MiAaPQ)EBC6109576 035 $a(MiAaPQ)EBC6225028 035 $a(EXLCZ)994100000009445361 100 $a20201006d2019 uy 0 101 0 $aeng 135 $aurcnu|||||||| 181 $ctxt$2rdacontent 182 $cc$2rdamedia 183 $acr$2rdacarrier 200 00$aTalking north $ethe journey of Australia's first Asian language /$fedited by Paul S. Thomas 210 1$aClayton, Victoria, Australia :$cMonash University Publishing,$d[2019] 210 4$d©2019 215 $a1 online resource (304 pages) 311 $a1-925835-18-9 320 $aIncludes bibliographical references. 606 $aIndonesian language$zAustralia 606 $aIndonesian language$xStudy and teaching$zAustralia 607 $aAustralia$xLanguages 608 $aElectronic books. 615 0$aIndonesian language 615 0$aIndonesian language$xStudy and teaching 676 $a409.94 702 $aThomas$b Paul S$c(Lecturer in Indonesian Studies), 801 0$bMiAaPQ 801 1$bMiAaPQ 801 2$bMiAaPQ 906 $aBOOK 912 $a9910480281803321 996 $aTalking north$92075512 997 $aUNINA